Teoría y problemas de algebra lineal
Gorde:
| Egile nagusia: | |
|---|---|
| Formatua: | Liburua |
| Hizkuntza: | gaztelania |
| Argitaratua: |
Ciudad de México
McGraw-Hill
1971
|
| Edizioa: | 1a. ed |
| Saila: | Serie de compendios Schaum
|
| Gaiak: | |
| Etiketak: |
Etiketa erantsi
Etiketarik gabe, Izan zaitez lehena erregistro honi etiketa jartzen!
|
MARC
| LEADER | 00000cam a2200000 a 4500 | ||
|---|---|---|---|
| 001 | UCV4480 | ||
| 003 | CL-VaPUC | ||
| 008 | 930810e19710000MX |||||||||||||||||spa|d | ||
| 082 | 0 | 4 | |a 512.5 |b LIP |2 21 |
| 100 | |a Lipschutz, Seymour |e autor |9 604228 | ||
| 245 | 1 | 0 | |a Teoría y problemas de algebra lineal |
| 250 | |a 1a. ed | ||
| 300 | |a 334 p | ||
| 942 | |c BK | ||
| 945 | |d 19930810 00:00:00 |a mfernand | ||
| 260 | |a Ciudad de México |b McGraw-Hill |c 1971 | ||
| 650 | 0 | |a Álgebra lineal |x Problemas, ejercicios, etc |9 260712 | |
| 583 | |a last modification |c 20171031 14:12:36 |k Rodrigo Vera | ||
| 490 | 0 | |a Serie de compendios Schaum | |
| 999 | |c 211285 |d 211283 | ||
| 952 | |0 0 |1 0 |4 0 |6 512_500000000000000_LIP_1971 |7 0 |8 A |9 190056 |a BIBCUR |b BIBCUR |d 2019-11-14 |i 322774K |o 512.5 LIP 1971 |p 322774K |r 2025-04-22 |w 2019-11-14 |y BK |k BCB | ||
| 952 | |0 0 |1 0 |4 0 |6 512_500000000000000_LIP_1971 |7 0 |8 A |9 190057 |a BIBCUR |b BIBCUR |d 2019-11-14 |i 1780603 |o 512.5 LIP 1971 |p 1780603 |r 2025-04-22 |w 2019-11-14 |y BK |k BCB | ||
| 952 | |0 0 |1 0 |4 0 |6 512_500000000000000_LIP_1971 |7 0 |8 A |9 190058 |a BIBCUR |b BIBCUR |d 2019-11-14 |i 1782207 |o 512.5 LIP 1971 |p 1782207 |r 2025-04-22 |w 2019-11-14 |y BK |k BCB | ||
| 952 | |0 0 |1 0 |4 0 |6 512_500000000000000_LIP_1971 |7 0 |8 A |9 190060 |a BIBMAT |b BIBMAT |d 2019-11-14 |i 1492217 |o 512.5 LIP 1971 |p 1492217 |r 2025-01-07 |w 2019-11-14 |y BK |k MAT | ||
| 952 | |0 0 |1 0 |4 0 |6 512_500000000000000_LIP_1971 |7 0 |8 A |9 190061 |a BIBMAT |b BIBMAT |d 2019-11-14 |i 1492268 |o 512.5 LIP 1971 |p 1492268 |r 2025-01-07 |w 2019-11-14 |y BK |k MAT | ||
| 952 | |0 0 |1 0 |4 0 |6 512_500000000000000_LIP_1971 |7 0 |8 A |9 190062 |a BIBMAT |b BIBMAT |d 2019-11-14 |i 1492314 |o 512.5 LIP 1971 |p 1492314 |r 2025-01-07 |w 2019-11-14 |y BK |k MAT | ||
| 952 | |0 0 |1 0 |4 0 |6 512_500000000000000_LIP_1971 |7 0 |8 A |9 190063 |a BIBMAT |b BIBMAT |d 2019-11-14 |i 1303066 |l 1 |o 512.5 LIP 1971 |p 1303066 |r 2025-01-07 |s 2022-05-17 |w 2019-11-14 |y BK |k MAT | ||
| 952 | |0 0 |1 0 |4 0 |6 512_500000000000000_LIP_1971 |7 0 |8 A |9 190064 |a BIBMAT |b BIBMAT |d 2019-11-14 |i 1308025 |o 512.5 LIP 1971 |p 1308025 |r 2025-01-07 |w 2019-11-14 |y BK |k MAT | ||
| 952 | |0 0 |1 0 |4 0 |6 512_500000000000000_LIP_1971 |7 0 |8 A |9 190065 |a BIBMAT |b BIBMAT |d 2019-11-14 |i 1308076 |o 512.5 LIP 1971 |p 1308076 |r 2025-01-07 |w 2019-11-14 |y BK |k MAT | ||
| 952 | |0 0 |1 0 |4 0 |6 512_500000000000000_LIP_1971 |7 0 |8 A |9 190066 |a BIBMEC |b BIBMEC |d 2019-11-14 |i 1325620 |o 512.5 LIP 1971 |p 1325620 |r 2019-11-14 |w 2019-11-14 |y BK |k MEC | ||